00942cam a2200253 a 450000100100000000500170001000800410002704000280006808200180009610000430011424500770015726000440023430000210027849000090029950000340030850400350034265000220037760000420039970000610044183000160050291000340051895201210055299900150067300000589020240510073816.0730626s1972 cr 001 0 spa  aDO-SdBNPcOUdPPiUdDLC a928.682bI46p1 aIngenieros, José,d1877-1925.91660113aEl pensamiento revolucionario de José Ingenieros /cJosé Ingenieros. aSan José, Costa Rica :bEDUCA,c1972. a335 p. ;c17 cm.1 aAula aUniversitaria Centroamericana aBibliografía: p. [337]-[338] 0aFilosofía 981314aINGENIEROS, JOSÉ,d1877-19259166021 aCastellanos, Juan Mario,eprefacio y selección.916603 0aAula916604 aCatalogación por copia / LC 001052708MOaGRbGRcCTd2009-08-24iLF1l0o928.682 I46pp5890-10r2020-06-25w2020-06-25y2ZPréstamo interno c5686d5686